Open Data Biblioteca Nacional de Portugal


República Portuguesa: Ministério da Cultura
Biblioteca Nacional de Portugal

Catálogo da BNP: acesso por Identificadores Unívocos
Registos Bibliográficos associados ao registo de autoridade

Etiqueta de registo: 00000nam 2200025 450
001 2279474
003 http://id.bnportugal.gov.pt/bib/catbnp/2279474
100 ## $a20260312d2025 k y0pory01030103ba
101 0# $aeng$dpor
102 ## $aPT
105 ## $aa m 000yy
106 ## $ar
200 1# $aMelhoria da qualidade do gás produzido durante a gasificação de biomassa$dImprovement of producer gas qualiry from biomass gasification$fHelena Gil Martins de Faria Gomes$gorient. Luís António da Cruz Tarelho, Manuel Arlindo Amador de Matos$zeng
210 #9 $aAveiro$c[s.n.],$d2025
215 ## $a[7] f., XIV, 156 p.$cil.$d30 cm
328 #1 $aTese dout. Engenharia Química, Universidade de Aveiro, 2025
510 1# $aImprovement of producer gas qualiry from biomass gasification$zeng
675 ## $a662.76(043)$vBN$zpor$31276309
675 ## $a662.71(043)$vBN$zpor$31394951
675 ## $a620.95(043)$vBN$zpor$31221072
700 #1 $aGomes,$bHelena Gil Martins de Faria$31990893
702 #1 $aTarelho,$bLuís António da Cruz$4727$31389721
702 #1 $aMatos,$bManuel Arlindo Amador de$4727$3134628
801 #0 $aPT$bBN$gRPC
966 ## $lBN$mFGMON$sS.A. 193511 V.$x1
971 ## $corlando$d20260312
972 ## $e0$z0$d20260421$vlrevez
973 ## $ctrodrigues$d20260413

OpendataBNP@bnportugal.pt | Mais informação sobre acesso aos dados BNP